[Event "Mont de Marsan op 9th"]
[Site "Mont de Marsan"]
[Date "2012.12.27"]
[Round "4"]
[White "Kozlowski, Thierry"]
[Black "Perrin, Herve"]
[Result "1-0"]
[WhiteElo "1930"]
[BlackElo "1531"]
[PlyCount "45"]
[EventDate "2012.12.27"]
[EventType "swiss"]
[EventRounds "9"]
[EventCountry "FRA"]
[SourceTitle "CBM 152 Extra"]
[Source "ChessBase"]
[SourceDate "2013.02.25"]
[SourceVersion "1"]
[SourceVersionDate "2013.02.25"]
[SourceQuality "1"]

1. d4 d5 2. c4 c6 3. Nf3 Bg4 4. Qb3 Bxf3 5. Qxb7 Nd7 6. exf3 e5 7. cxd5 cxd5 8. Bb5 Ngf6 9. dxe5 Rb8 10. Bxd7+ Nxd7 11. Qxd5 Rb6 12. 0-0 Be7 13. Rd1 Qc7 14. f4 Rc6 15. Be3 Nb6 16. Bxb6 Rxb6 17. b3 Rc6 18. Nd2 0-0 19. Nc4 Rd8 20. Qa5 Qxa5 21. Nxa5 Rc2 22. Rxd8+ Bxd8 23. Nc4 1-0